| 000 | 01014nam a22002417a 4500 | ||
|---|---|---|---|
| 005 | 20210325205032.0 | ||
| 008 | s2553 th ||||| |||| 00| 0 tha d | ||
| 020 | _a9786167056074 | ||
| 050 | _aGE195 ส313ร 2553 | ||
| 100 | 0 | _aสมิทธิ ธนานิธิโชติ | |
| 245 | 1 | 0 | _aเรามองดาวกันคนละดวง |
| 260 | 3 |
_aกรุงเทพฯ : _bสายธาร, _c2553 |
|
| 300 |
_a188 หน้า : _b ภาพประกอบ ; _c 21 ซม. |
||
| 650 | 0 | 4 | _aการดำรงชีพแบบยั่งยืน |
| 650 | 0 | 4 | _aสิ่งแวดล้อม |
| 650 | 0 | 4 | _aการพิทักษ์สิ่งแวดล้อม |
| 650 | 0 | 4 | _aการเคลื่อนไหวเพื่อสิ่งแวดล้อม |
| 850 | _aNALT | ||
| 942 | _cGB | ||
| 997 | _a38046 | ||
| 997 | _c000000000062451 | ||
| 998 | _aนางสุกัญญา กัลยา | ||
| 999 |
_c62451 _d62451 |
||